000 00247nam a2200097Ia 4500
008 240625s9999 xx 000 0 und d
041 _aeng
100 _aTHE MICROSOFT OFFICE TEAM
245 _aMICROSOFT OFFICE 2003 EDITIONS RESOURCE
260 _c2004
999 _c33211
_d33211